Electronic resource management in libraries (Record no. 25406)
[ view plain ]
| 000 -LEADER | |
|---|---|
| fixed length control field | 00501nam a22001337a 4500 |
| 020 ## - INTERNATIONAL STANDARD BOOK NUMBER | |
| ISBN | 9788170008071 |
| 082 ## - DEWEY DECIMAL CLASSIFICATION NUMBER | |
| Classification number | 025.284 |
| Item number | ELE |
| 245 ## - TITLE STATEMENT | |
| Title | Electronic resource management in libraries |
| Sub Title | : trends, issues and challenges |
| 260 ## - PUBLICATION, DISTRIBUTION, ETC. (IMPRINT) | |
| Place of publication | New Delhi |
| Name of publisher | Ess Ess Publications |
| Year of publication | 2016 |
| 300 ## - PHYSICAL DESCRIPTION | |
| Number of Pages | xiv, 384p. |
| 650 ## - SUBJECT ADDED ENTRY--TOPICAL TERM | |
| Topical Term | Information Communication Technology (ICT) |
| Form subdivision | Management Libraries |
| -- | Digital libraries |
| -- | Special collections |
| -- | Electronic information resources |
| 700 ## - ADDED ENTRY--PERSONAL NAME | |
| Personal name | Gunjal, Bhojaraju |
| 942 ## - ADDED ENTRY ELEMENTS (KOHA) | |
| Source of classification or shelving scheme | Dewey Decimal Classification |
| Koha item type | Books |
| Withdrawn status | Lost status | Damaged status | Not for loan | Home library | Current library | Date acquired | Source of acquisition | Bill Date | Full call number | Accession Number | Price effective from | Koha item type |
|---|---|---|---|---|---|---|---|---|---|---|---|---|
| NASSDOC Library | NASSDOC Library | 26/03/2019 | OP | 2019-03-26 | 025.284 ELE- | 50199 | 26/03/2019 | Books |
